000 00938nam a2200229Ia 4500
003 OSt
005 20210806110214.0
008 210310s2004 xxkaod fr 000 0 spa d
040 _aCO-JMCR
_cCO-JMCR
041 0 _aspa
082 0 4 _a332.55 /
_bC734s
_223
110 2 _aCommonwealth Bussiness Center
_939153
245 1 0 _aSoluciones de pago para modernizar las economías /
_cCommonwealth Bussiness Center
260 _aReino Unido :
_bCommonwealth Business Council,
_c2004
300 _a35 páginas:
_bilustraciones, fotografías y gráficas a color ;
_c30 cm.
500 _aIncluye notas a pie de página.
504 _aBibliografía: página 34
505 0 _aLos pagos electrónicos y su valor -- La infraestructura y las instituciones esenciales -- La innovación en acción: Ejemplos emergentes
650 1 4 _aServicios financieros
_xInnovación
_939154
650 2 4 _aPagos electrónicos
_916779
_xmodernización
942 _2ddc
_cBK
999 _c8260
_d8260